Municipalities of Lower Sava with a Map - Statistics

General Stats
  • This quiz has been taken 850 times
  • The average score is 4 of 6
Answers on the Map
Answers color-coded by a green-red scale on the quiz's map according to % correct below.
 
Answer Stats
Municipality % Correct
Krško
83%
Brežice
68%
Bistrica ob Sotli
65%
Sevnica
60%
Radeče
54%
Kostanjevica na Krki
47%
No matching quizzes found
Score Distribution
Percent of People with Each Score
Percentile by Number Answered
Your Score History
You have not taken this quiz